| 000 | 00613nam a2200205Ia 4500 | ||
|---|---|---|---|
| 008 | 220216s9999 xx 000 0 und d | ||
| 100 | _aSatisha G.C. | ||
| 245 | 0 | _aSoil nutrient status of slope lands under Hevea brasiliensis in Mizoram at varying altitudes and their relationship with soil properties | |
| 260 |
_bIndian Journal of Natural Rubber Research _c2000 |
||
| 300 | _a46-55 | ||
| 650 | _aAltitude | ||
| 650 | _aMizoram | ||
| 650 | _aNutrient status | ||
| 650 | _aSlope land | ||
| 650 | _aSoil analysis | ||
| 700 | _aDey S.K. | ||
| 700 | _aPal T.K. | ||
| 700 | _aVarghese Y.A. | ||
| 942 | _cBS | ||
| 999 |
_c51536 _d51536 |
||